<?xml version="1.0" encoding="UTF-8"?>
<record
    xmlns:xsi="http://www.w3.org/2001/XMLSchema-instance"
    xsi:schemaLocation="http://www.loc.gov/MARC21/slim http://www.loc.gov/standards/marcxml/schema/MARC21slim.xsd"
    xmlns="http://www.loc.gov/MARC21/slim">

  <leader>00386nam a22001457a 4500</leader>
  <controlfield tag="005">20260103115847.0</controlfield>
  <datafield tag="020" ind1=" " ind2=" ">
    <subfield code="a">9789814390910</subfield>
  </datafield>
  <datafield tag="084" ind1=" " ind2=" ">
    <subfield code="a">530.4</subfield>
  </datafield>
  <datafield tag="100" ind1=" " ind2=" ">
    <subfield code="a">Flude, Peter</subfield>
    <subfield code="9">7286</subfield>
  </datafield>
  <datafield tag="245" ind1=" " ind2=" ">
    <subfield code="a">Correlated electrons in quantum matter</subfield>
  </datafield>
  <datafield tag="260" ind1=" " ind2=" ">
    <subfield code="a">Singapore:</subfield>
    <subfield code="b">World Scientific,</subfield>
    <subfield code="c">2012.</subfield>
  </datafield>
  <datafield tag="300" ind1=" " ind2=" ">
    <subfield code="a">xiii,535p.</subfield>
  </datafield>
  <datafield tag="650" ind1=" " ind2=" ">
    <subfield code="a">Constitution and properties of matter</subfield>
  </datafield>
  <datafield tag="942" ind1=" " ind2=" ">
    <subfield code="2">ddc</subfield>
    <subfield code="c">BK</subfield>
  </datafield>
  <datafield tag="999" ind1=" " ind2=" ">
    <subfield code="c">754741</subfield>
    <subfield code="d">754741</subfield>
  </datafield>
  <datafield tag="952" ind1=" " ind2=" ">
    <subfield code="0">0</subfield>
    <subfield code="1">0</subfield>
    <subfield code="2">ddc</subfield>
    <subfield code="4">0</subfield>
    <subfield code="7">0</subfield>
    <subfield code="8">NFIC</subfield>
    <subfield code="a">PHY</subfield>
    <subfield code="b">PHY</subfield>
    <subfield code="c">GEN</subfield>
    <subfield code="d">2026-01-03</subfield>
    <subfield code="e">SBS-T/25 dt 16-01-2026</subfield>
    <subfield code="g">18037.36</subfield>
    <subfield code="l">0</subfield>
    <subfield code="o">530.4 FUL-C</subfield>
    <subfield code="p">PHY9032</subfield>
    <subfield code="r">2026-01-03 06:31:14</subfield>
    <subfield code="w">2026-01-03</subfield>
    <subfield code="y">BK</subfield>
  </datafield>
</record>
